Исследование параметров материалов для изготовления дозиметрических фантомов для адронной лучевой терапии; Современные проблемы физики и технологий

Dades bibliogràfiques
Parent link:Современные проблемы физики и технологий.— 2022.— [С. 147-148]
Autor corporatiu: Национальный исследовательский Томский политехнический университет Исследовательская школа физики высокоэнергетических процессов
Altres autors: Чернова О. С. Ольга Сергеевна, Григорьева А. А. Анна Анатольевна, Милойчикова И. А. Ирина Алексеевна, Стучебров С. Г. Сергей Геннадьевич
Sumari:Заглавие с экрана
Idioma:rus
Publicat: 2022
Matèries:
Accés en línia:https://magistr.mephi.ru/school/files/20221116_Сборник_Тезисов_Докладов.pdf#page=147
https://www.elibrary.ru/item.asp?id=49715554
Format: Electrònic Capítol de llibre
KOHA link:https://koha.lib.tpu.ru/cgi-bin/koha/opac-detail.pl?biblionumber=668422

MARC

LEADER 00000naa0a2200000 4500
001 668422
005 20250623105414.0
035 |a (RuTPU)RU\TPU\network\39647 
035 |a RU\TPU\network\35308 
090 |a 668422 
100 |a 20221123d2022 k y0rusy50 ca 
101 0 |a rus 
102 |a RU 
135 |a drcn ---uucaa 
181 0 |a i  
182 0 |a b 
200 1 |a Исследование параметров материалов для изготовления дозиметрических фантомов для адронной лучевой терапии  |f О. С. Чернова, А. А. Григорьева, И. А. Милойчикова, С. Г. Стучебров 
203 |a Текст  |c электронный 
300 |a Заглавие с экрана 
320 |a [Библиогр.: 3 назв.] 
463 |t Современные проблемы физики и технологий  |o сборник тезисов докладов IX Международной молодежной научной школы-конференции, Москва, 26-28 Апреля 2022  |v [С. 147-148]  |d 2022 
610 1 |a электронный ресурс 
610 1 |a труды учёных ТПУ 
610 1 |a адронная терапия 
610 1 |a лучевая терапия 
610 1 |a численное моделирование 
610 1 |a метод Монте-Карло 
610 1 |a трехмерная печать 
701 1 |a Чернова  |b О. С.  |g Ольга Сергеевна 
701 1 |a Григорьева  |b А. А.  |c специалист в области ядерных технологий  |c инженер Томского политехнического университета  |f 1995-  |g Анна Анатольевна  |3 (RuTPU)RU\TPU\pers\46628  |9 22286 
701 1 |a Милойчикова  |b И. А.  |c физик  |c доцент Томского политехнического университета, кандидат физико-математических наук  |f 1988-  |g Ирина Алексеевна  |3 (RuTPU)RU\TPU\pers\35464  |9 18661 
701 1 |a Стучебров  |b С. Г.  |c физик  |c доцент Томского политехнического университета, кандидат физико-математических наук  |f 1981-  |g Сергей Геннадьевич  |3 (RuTPU)RU\TPU\pers\31441  |9 15603 
712 0 2 |a Национальный исследовательский Томский политехнический университет  |b Исследовательская школа физики высокоэнергетических процессов  |c (2017- )  |3 (RuTPU)RU\TPU\col\23551 
801 2 |a RU  |b 63413507  |c 20221123  |g RCR 
850 |a 63413507 
856 4 |u https://magistr.mephi.ru/school/files/20221116_Сборник_Тезисов_Докладов.pdf#page=147 
856 4 |u https://www.elibrary.ru/item.asp?id=49715554  |z https://www.elibrary.ru/item.asp?id=49715554 
942 |c CF